MARC

LEADER 00000nas a2200000 a 4500
001 ssj0007485
003 WaSeSS
005 20200512172242.0
006 m d
007 cr n
008 860516d19872008iluqr p s 0 a0eng c
010 |a  87647424   |z sn 86014299  
016 |a (AMICUS)000007105015 
016 7 |a 9884389  |2 DNLM 
016 7 |a SR0066499  |2 DNLM 
016 7 |a 011123227  |2 Uk 
022 |l 0888-4463  |y 0888-4463 
032 |a 000861  |b USPS 
035 |a (WaSeSS)ssj0007485 
040 |a NSD  |b eng  |c NSD  |d NYG  |d OCL  |d NST  |d IUL  |d NSD  |d DLC  |d HUL  |d NSD  |d DLC  |d HUL  |d NST  |d IUL  |d NST  |d OCL  |d NST  |d SYS  |d NLM  |d OCLCQ  |d B2Q  |d IUL  |d NYDWH  |d UMC  |d DLC  |d OCLCQ  |d UKMGB  |d CUS  |d OCLCQ  |d OCLCO  |d OCLCF  |d IIB  |d I8M  |d OCLCQ  |d CSJ  |d NLC  |d OCLCQ  |d GILDS  |d OCLCO  |d CPO  |d OCLCQ  |d UKBTH  |d IUL  |d WaSeSS 
042 |a nsdp  |a pcc 
050 0 0 |a Z678  |b .A67a 
082 1 0 |a 025  |2 11 
210 0 |a Libr. admin. manage. 
222 0 |a Library administration & management 
245 0 0 |a Library administration & management  |h [electronic resource]. 
246 3 0 |a Library administration and management 
260 |a [Chicago, Ill.] :  |b Library Administration and Management Association,  |c ©1987-©2008. 
310 |a Quarterly 
362 0 |a Vol. 1, no. 1 (Jan. 1987)-v. 22, no. 4 (fall 2008). 
500 |a Title from cover. 
506 |a License restrictions may limit access. 
550 |a Journal of the Library Administration and Management Association, 1987-Aug. 2008; of the Library Leadership and Management Association, Sept. 2008- 
588 |a Latest issue consulted: Vol. 22, no. 4 (fall 2008). 
650 0 |a Library administration  |v Periodicals. 
650 0 |a Library personnel management  |v Periodicals. 
650 6 |a Bibliothèques  |x Administration  |x Périodiques. 
650 7 |a Library administration.  |2 fast  |0 (OCoLC)fst00997606 
650 7 |a Library personnel management.  |2 fast  |0 (OCoLC)fst00997874 
650 7 |a LIBRARY ADMINISTRATION.  |2 unbist 
650 7 |a LIBRARY PERSONNEL MANAGEMENT.  |2 unbist 
655 0 |a Electronic journals. 
710 2 |a Library Administration and Management Association. 
710 2 |a Library Leadership and Management Association. 
780 0 0 |a Library Administration and Management Association.  |t LAMA newsletter  |x 0193-0451  |w (DLC) 79643257  |w (OCoLC)5049532 
785 0 0 |t Library leadership & management  |x 1945-8851  |w (DLC) 2008214765  |w (OCoLC)262477542 
850 |a AAP  |a AU  |a ArU  |a ArU-M  |a AzTeS  |a CaMBC  |a CaMWP  |a CPT  |a CSt  |a CU  |a CU-I  |a CU-S  |a CU-SB  |a CaAEU  |a CaBVaU  |a CaOONL  |a CaOTULS  |a CaOPAL  |a CaOWA  |a CaOWtU  |a CaSSU  |a CaMWU  |a CoFS  |a CoU  |a CtY  |a DLC  |a DeU  |a GU  |a IC  |a ICRL  |a ICarbS  |a IEN  |a INS  |a IaU  |a InLP  |a KyU  |a LU  |a MBU  |a MBU-M  |a MChB  |a MH  |a MH-L  |a MMeT  |a MWelC  |a MdU  |a MiEM  |a MiU  |a MoKL  |a MoSW  |a MoU  |a N  |a NBuU-LL  |a NIC  |a NNC  |a NRU  |a NbU-M  |a NcD-L  |a NcRS  |a NcWsW  |a NjP  |a NjR  |a NmU  |a OkU  |a OrCS  |a OrU  |a P  |a PU  |a T  |a TU  |a TxCM  |a TxDaM  |a ULA  |a UPB  |a UU  |a ViU  |a ViW  |a WM  |a Wa 
853 0 3 |8 1  |a v.  |b no.  |i (year)  |j (month) 
856 4 0 |z Full text available from Research Library: 01/01/2004 to 12/31/2008  |u https://search.proquest.com/publication/40174 
863 4 0 |8 1  |a <1>-  |i <1987>-  |x provisional